000
00307nam a2200133Ia 4500
008
240624s9999 xx 000 0 und d
041
_a
eng
082
_a
823 GIB
100
_a
GIBSON FIONA
245
_a
GREAT ESCAPE
260
_c
2012
_a
New Delhi
_b
Avon
300
_a
389 : p. : cm. ; 20
365
_c
RS
_b
25
999
_c
19912
_d
19912